[Event "Landesliga Nord 1314"]
[Site "Bayern"]
[Date "2014.03.16"]
[Round "8.2"]
[White "Giessmann, Stephan"]
[Black "Helbig, Uwe"]
[Result "1/2-1/2"]
[WhiteElo "2259"]
[BlackElo "2251"]
[PlyCount "150"]
[EventDate "2013.10.13"]
[EventType "team"]
[EventRounds "9"]
[EventCountry "GER"]
[SourceTitle "EXT 2015"]
[Source "ChessBase"]
[SourceDate "2014.11.20"]
[SourceVersion "1"]
[SourceVersionDate "2014.11.20"]
[SourceQuality "1"]
[WhiteTeam "Kelheim"]
[BlackTeam "Bindlach II"]
[WhiteTeamCountry "GER"]
[BlackTeamCountry "GER"]

1. d4 d6 2. Nf3 Bg4 3. c3 Bxf3 4. exf3 c6 5. Bd3 e6 6. 0-0 Be7 7. Re1 Nd7 8. Nd2 Ngf6 9. f4 0-0 10. Nf3 Qc7 11. Qb3 Rae8 12. Bd2 d5 13. Ne5 c5 14. Qd1 Qb6 15. Re3 cxd4 16. cxd4 Nxe5 17. fxe5 Ne4 18. Bxe4 dxe4 19. Bc3 Rc8 20. Rxe4 Rfd8 21. Qh5 g6 22. Qh6 Rd5 23. h4 Qd8 24. g3 b5 25. Qd2 Rc4 26. b3 Rc8 27. Bb2 Qd7 28. h5 Qd8 29. hxg6 hxg6 30. Kg2 Bg5 31. f4 Bh6 32. Rh1 Qf8 33. Kf3 Bg7 34. Ree1 Rd7 35. Rc1 Rcc7 36. Qh2 Qb4 37. Qe2 a6 38. Qe4 Qf8 39. Rhd1 Qc8 40. Qe2 Qb7+ 41. Qe4 Qc8 42. Rxc7 Rxc7 43. d5 exd5 44. Qxd5 Rc2 45. Qd8+ Qxd8 46. Rxd8+ Kh7 47. Bd4 Rxa2 48. e6 Bxd4 49. e7 Rf2+ 50. Kg4 Re2 51. e8Q Rxe8 52. Rxe8 a5 53. Rb8 a4 54. bxa4 bxa4 55. Ra8 Bc3 56. Rxa4 Kh6 57. Ra7 Kg7 58. Kf3 Kf6 59. Ke4 Be1 60. g4 Bd2 61. Ra6+ Ke7 62. Rc6 Bb4 63. Rc7+ Kf6 64. f5 gxf5+ 65. gxf5 Ba3 66. Rc6+ Kg5 67. Rb6 Bc1 68. Rb1 Bd2 69. Rd1 Bc3 70. Rf1 Bb2 71. Kd5 Kf6 72. Rf2 Bc3 73. Ke4 Kg5 74. f6 Kg6 75. Rf1 Bxf6 1/2-1/2

[Event "Regionalliga NW 0910"]
[Site "Bayern"]
[Date "2010.02.28"]
[Round "7.2"]
[White "Schramm, Christian"]
[Black "Helbig, Uwe"]
[Result "0-1"]
[WhiteElo "2273"]
[BlackElo "2243"]
[PlyCount "70"]
[EventDate "2009.10.18"]
[EventType "team-tourn"]
[EventRounds "9"]
[EventCountry "GER"]
[SourceTitle "EXT 2011"]
[Source "ChessBase"]
[SourceDate "2010.11.26"]
[SourceVersion "1"]
[SourceVersionDate "2010.11.26"]
[SourceQuality "1"]
[WhiteTeam "Obernau"]
[BlackTeam "Bindlach II"]
[WhiteTeamCountry "GER"]
[BlackTeamCountry "GER"]

1. e4 d6 2. d4 Nf6 3. Nc3 g6 4. Nf3 Bg7 5. Bc4 0-0 6. Bb3 Nc6 7. h3 Na5 8. Be3 Nxb3 9. axb3 b6 10. Qd2 Bb7 11. d5 a5 12. Bh6 e6 13. 0-0-0 a4 14. bxa4 exd5 15. exd5 b5 16. Bxg7 Kxg7 17. Qd4 bxa4 18. h4 Ra5 19. h5 Bxd5 20. Rh3 a3 21. b4 a2 22. Kb2 c5 23. bxc5 a1Q+ 24. Rxa1 Qb8+ 25. Kc1 Rxa1+ 26. Kd2 Qb2 27. h6+ Kg8 28. Qxf6 Qc1+ 29. Kd3 Qf1+ 30. Kd2 Qc1+ 31. Kd3 Qf1+ 32. Kd4 Rd1+ 33. Nxd1 Qc4+ 34. Ke3 Re8+ 35. Kd2 Re2+ 0-1

[Event "Regionalliga NW 0910"]
[Site "Bayern"]
[Date "2010.01.24"]
[Round "5.2"]
[White "Helbig, Uwe"]
[Black "Urytskyy, Arkadiy"]
[Result "1-0"]
[WhiteElo "2243"]
[BlackElo "2093"]
[PlyCount "69"]
[EventDate "2009.10.18"]
[EventType "team-tourn"]
[EventRounds "9"]
[EventCountry "GER"]
[SourceTitle "EXT 2011"]
[Source "ChessBase"]
[SourceDate "2010.11.26"]
[SourceVersion "1"]
[SourceVersionDate "2010.11.26"]
[SourceQuality "1"]
[WhiteTeam "Bindlach II"]
[BlackTeam "Kirchenlaibach"]
[WhiteTeamCountry "GER"]
[BlackTeamCountry "GER"]

1. d4 d6 2. e4 Nf6 3. Nc3 c6 4. Be3 b5 5. e5 dxe5 6. dxe5 Qxd1+ 7. Rxd1 Ng4 8. Bf4 g6 9. h3 Nh6 10. g4 a6 11. Bg2 Bg7 12. Nge2 0-0 13. Nd4 Bb7 14. 0-0 Ra7 15. Nb3 a5 16. Be3 Ra8 17. Nxb5 a4 18. Nc5 Bc8 19. Nd4 Ra5 20. Nxc6 Rb5 21. Nxe7+ Kh8 22. Nxa4 Rxe5 23. Nxc8 Rxc8 24. c4 Ng8 25. Nb6 Rce8 26. c5 Ne7 27. b4 Nec6 28. Nd7 Nxb4 29. Nxb8 Rxb8 30. Bf4 Nxa2 31. Bxe5 Bxe5 32. Rd2 Nc3 33. Re1 f6 34. c6 Nb5 35. Rd7 1-0

[Event "Regionalliga NW 0809"]
[Site "Bayern"]
[Date "2009.03.29"]
[Round "9.1"]
[White "Braeutigam, Thomas"]
[Black "Helbig, Uwe"]
[Result "0-1"]
[WhiteElo "2036"]
[BlackElo "2224"]
[PlyCount "114"]
[EventDate "2008.10.05"]
[EventType "team-tourn"]
[EventRounds "9"]
[EventCountry "GER"]
[SourceTitle "EXT 2020"]
[Source "ChessBase"]
[SourceDate "2019.10.17"]
[SourceVersion "1"]
[SourceVersionDate "2019.10.17"]
[SourceQuality "1"]
[WhiteTeam "Wuerzburg II"]
[BlackTeam "Bindlach II"]
[WhiteTeamCountry "GER"]
[BlackTeamCountry "GER"]

1. d4 d6 2. e4 Nf6 3. Nc3 g6 4. Be2 Bg7 5. Nf3 0-0 6. 0-0 c6 7. h3 Qc7 8. Be3 Nbd7 9. Qd2 b5 10. a3 Bb7 11. Bh6 e5 12. Bxg7 Kxg7 13. Rad1 a6 14. Nh2 Rfe8 15. dxe5 dxe5 16. Ng4 Rad8 17. Qh6+ Kh8 18. Rd3 Ng8 19. Qe3 h5 20. Nh2 Nf8 21. Rfd1 Rxd3 22. Qxd3 Ne6 23. Qd7 Rd8 24. Qxc7 Rxd1+ 25. Bxd1 Nxc7 26. Nf3 f6 27. Nd2 Ne7 28. Nb3 Ne6 29. Na5 Ba8 30. f3 Kg7 31. Kf2 Kf7 32. Ne2 c5 33. c3 c4 34. b4 g5 35. g3 Ng6 36. Ng1 g4 37. hxg4 hxg4 38. Ke3 Ng5 39. Bc2 gxf3 40. Nxf3 Nxf3 41. Kxf3 Nf8 42. Ke3 Ne6 43. Bd1 Ng5 44. Bg4 Nxe4 45. Bc8 Nxc3 46. Bxa6 Nd5+ 47. Kd2 Nc7 48. Bc8 Ke7 49. Bh3 Bd5 50. Bf1 Kd6 51. a4 bxa4 52. Nxc4+ Bxc4 53. Bxc4 Nd5 54. Be2 Nxb4 55. Kc3 a3 56. Kb3 a2 57. Kb2 Kc5 0-1

[Event "Regionalliga NW 0809"]
[Site "Bayern"]
[Date "2008.10.05"]
[Round "1.1"]
[White "Helbig, Uwe"]
[Black "Englert, Fabian"]
[Result "0-1"]
[WhiteElo "2224"]
[BlackElo "2174"]
[PlyCount "84"]
[EventDate "2008.10.05"]
[EventType "team-tourn"]
[EventRounds "9"]
[EventCountry "GER"]
[SourceTitle "EXT 2020"]
[Source "ChessBase"]
[SourceDate "2019.10.17"]
[SourceVersion "1"]
[SourceVersionDate "2019.10.17"]
[SourceQuality "1"]
[WhiteTeam "Bindlach II"]
[BlackTeam "Klingenberg"]
[WhiteTeamCountry "GER"]
[BlackTeamCountry "GER"]

1. d4 Nf6 2. Bg5 c5 3. d5 Qb6 4. Nc3 Qxb2 5. Bd2 Qb6 6. e4 e5 7. f4 d6 8. fxe5 dxe5 9. Nf3 Nbd7 10. Bc4 Be7 11. 0-0 0-0 12. Bg5 a6 13. a4 Qc7 14. Qe1 h6 15. Be3 Ne8 16. Qg3 Kh7 17. Nh4 Nd6 18. Be2 Qd8 19. Nf5 Nxf5 20. exf5 Nf6 21. Qh3 Qa5 22. Bf2 Bd7 23. g4 Kg8 24. Qe3 Rfe8 25. h3 Rad8 26. Bc4 Qb4 27. Be2 Bc8 28. Rab1 Qa5 29. Bc4 e4 30. Bg3 Nh7 31. Nxe4 Ng5 32. Qd3 Nxe4 33. Qxe4 Bg5 34. Qg2 Qc3 35. Ba2 Re3 36. Rb3 Qd4 37. Bf2 Rde8 38. Rd3 Qb2 39. Bxe3 Bxe3+ 40. Rxe3 Rxe3 41. Bb3 Qc3 42. Kh2 Qe5+ 0-1

[Event "Oberliga Bayern 0506"]
[Site "Bayern"]
[Date "2005.12.11"]
[Round "4.5"]
[White "Rother, Christoph"]
[Black "Helbig, Uwe"]
[Result "0-1"]
[WhiteElo "2275"]
[BlackElo "2215"]
[PlyCount "70"]
[EventDate "2005.10.23"]
[EventType "team-tourn"]
[EventRounds "9"]
[EventCountry "GER"]
[SourceTitle "EXT 2007"]
[Source "ChessBase"]
[SourceDate "2006.11.23"]
[SourceVersion "1"]
[SourceVersionDate "2006.11.23"]
[SourceQuality "1"]
[WhiteTeam "Regensburg Fortuna"]
[BlackTeam "Muenchen 36"]
[WhiteTeamCountry "GER"]
[BlackTeamCountry "GER"]

1. e4 d6 2. d4 Nf6 3. Nc3 g6 4. Be3 Bg7 5. Qd2 Ng4 6. Bg5 h6 7. Bh4 g5 8. Bg3 e5 9. Nf3 exd4 10. Nxd4 Nc6 11. Bb5 Bd7 12. Bxc6 bxc6 13. f4 gxf4 14. Bxf4 Qh4+ 15. Bg3 Qg5 16. Nf3 Qe3+ 17. Kd1 Rb8 18. Re1 Qxd2+ 19. Kxd2 Rxb2 20. e5 0-0 21. h3 Nxe5 22. Nxe5 dxe5 23. Rab1 Rfb8 24. Rxb2 Rxb2 25. Kc1 Rb8 26. Na4 Rb5 27. Bf2 Be6 28. Re3 Ra5 29. Nc3 f5 30. g4 f4 31. Re4 Bxa2 32. Rb4 Bd5 33. Rb7 e4 34. Nxd5 cxd5 35. Bxa7 Bc3 0-1

[Event "Landesliga Sued 0304"]
[Site "Bayern"]
[Date "2004.03.28"]
[Round "8.7"]
[White "Helbig, Uwe"]
[Black "Gerstner, Bernhard"]
[Result "1-0"]
[WhiteElo "2182"]
[BlackElo "2008"]
[PlyCount "113"]
[EventDate "2003.10.12"]
[EventType "team-tourn"]
[EventRounds "9"]
[EventCountry "GER"]
[SourceTitle "EXT 2006"]
[Source "ChessBase"]
[SourceDate "2005.11.24"]
[SourceVersion "1"]
[SourceVersionDate "2005.11.24"]
[SourceQuality "1"]
[WhiteTeam "Muenchen 36"]
[BlackTeam "Ingolstadt"]
[WhiteTeamCountry "GER"]
[BlackTeamCountry "GER"]

1. d4 Nf6 2. Bg5 e6 3. e4 h6 4. Bxf6 Qxf6 5. Nf3 d6 6. c3 Nd7 7. Nbd2 e5 8. Bc4 g6 9. Nf1 Bg7 10. Ne3 0-0 11. 0-0 c6 12. a4 Qe7 13. Qc2 exd4 14. Nxd4 Nf6 15. Bd3 Re8 16. Rae1 c5 17. Nb5 a6 18. Na3 Bd7 19. f3 Rab8 20. a5 Bc6 21. Nac4 Qc7 22. Nb6 Nd7 23. Nec4 Rbd8 24. Nxd7 Bxd7 25. Nb6 Be6 26. Qa4 Qe7 27. Bc4 Qh4 28. g3 Qg5 29. f4 Qh5 30. Be2 Qh3 31. Qc2 Bd7 32. Bf3 Bc6 33. f5 gxf5 34. Bg2 Qg4 35. exf5 Bxg2 36. Kxg2 Be5 37. Re4 Qg7 38. Qe2 Kh8 39. f6 Qh7 40. Qe3 Rg8 41. Nc4 Rg5 42. Rf2 d5 43. Rxe5 dxc4 44. Rxg5 hxg5 45. Qxg5 Qe4+ 46. Kh3 Qh7+ 47. Qh4 Rd6 48. Kg4 Qxh4+ 49. Kxh4 Kh7 50. Kg5 Rd5+ 51. Rf5 Rd2 52. h4 Rxb2 53. Rxc5 Rd2 54. g4 Rd3 55. h5 Rd7 56. Kf5 Rd1 57. g5 1-0

[Event "Landesliga Nord 0203"]
[Site "Bayern"]
[Date "2003.03.09"]
[Round "8.6"]
[White "Mueller, Christian2222"]
[Black "Helbig, Uwe"]
[Result "0-1"]
[WhiteElo "1937"]
[BlackElo "2057"]
[PlyCount "52"]
[EventDate "2002.10.20"]
[EventType "team"]
[EventRounds "9"]
[EventCountry "GER"]
[SourceTitle "EXT 2004"]
[Source "ChessBase"]
[SourceDate "2003.11.25"]
[SourceVersion "1"]
[SourceVersionDate "2003.11.25"]
[SourceQuality "1"]
[WhiteTeam "Neutraubling"]
[BlackTeam "Bindlach II"]
[WhiteTeamCountry "GER"]
[BlackTeamCountry "GER"]

1. e4 d6 2. d4 Nf6 3. Nc3 g6 4. Be3 Bg7 5. Nf3 0-0 6. Qd2 Ng4 7. Bg5 h6 8. Bh4 c6 9. 0-0-0 Qc7 10. h3 Nf6 11. e5 Nd5 12. Ne4 Bf5 13. exd6 exd6 14. Bd3 Nd7 15. g4 Bxe4 16. Bxe4 Rfe8 17. Rhe1 N7b6 18. Bd3 c5 19. dxc5 Qxc5 20. Rxe8+ Rxe8 21. Re1 Rc8 22. Re4 a5 23. a3 Kh7 24. c4 Na4 25. Nd4 Kg8 26. Nb3 Qb6 0-1

[Event "Regionalliga NW 0102"]
[Site "Bayern"]
[Date "2002.02.03"]
[Round "5.3"]
[White "Helbig, Uwe"]
[Black "Herdin, Hans Ulrich"]
[Result "1-0"]
[WhiteElo "2175"]
[BlackElo "2095"]
[PlyCount "75"]
[EventDate "2001.10.07"]
[EventType "team-tourn"]
[EventRounds "9"]
[EventCountry "GER"]
[SourceTitle "EXT 2003"]
[Source "ChessBase"]
[SourceDate "2002.11.25"]
[SourceVersion "1"]
[SourceVersionDate "2002.11.25"]
[SourceQuality "1"]
[WhiteTeam "Bindlach II"]
[BlackTeam "Kronach"]
[WhiteTeamCountry "GER"]
[BlackTeamCountry "GER"]

1. d4 Nf6 2. Bg5 Ne4 3. Bf4 c5 4. d5 Qb6 5. Bc1 g6 6. f3 Nf6 7. e4 d6 8. Nd2 Nbd7 9. Nc4 Qc7 10. a4 Bg7 11. Ne2 Nb6 12. Ne3 0-0 13. a5 Nbd7 14. Nc3 a6 15. Be2 b5 16. axb6 Nxb6 17. 0-0 e5 18. f4 exf4 19. Rxf4 Qe7 20. Qf1 Nfd7 21. Ng4 h5 22. Ne3 Be5 23. Rf2 Nf6 24. Ned1 Ng4 25. Bxg4 Bxg4 26. Bh6 Bd4 27. Bxf8 Rxf8 28. Rxa6 Nd7 29. Nb5 Bxf2+ 30. Nxf2 f5 31. Nxg4 fxg4 32. Qe2 Rf4 33. Nxd6 Qe5 34. c3 Nf6 35. Ra8+ Kg7 36. Ra7+ Kg8 37. Qa6 Qxd6 38. Qxd6 1-0

[Event "Regionalliga NW 0102"]
[Site "Bayern"]
[Date "2001.11.25"]
[Round "3.3"]
[White "Schmid, Michael"]
[Black "Helbig, Uwe"]
[Result "0-1"]
[WhiteElo "2010"]
[BlackElo "2175"]
[PlyCount "62"]
[EventDate "2001.10.07"]
[EventType "team-tourn"]
[EventRounds "9"]
[EventCountry "GER"]
[SourceTitle "EXT 2003"]
[Source "ChessBase"]
[SourceDate "2002.11.25"]
[SourceVersion "1"]
[SourceVersionDate "2002.11.25"]
[SourceQuality "1"]
[WhiteTeam "Sand"]
[BlackTeam "Bindlach II"]
[WhiteTeamCountry "GER"]
[BlackTeamCountry "GER"]

1. e4 d6 2. d4 Nf6 3. Nc3 g6 4. f4 Bg7 5. Nf3 0-0 6. Be3 Ng4 7. Qd2 Nxe3 8. Qxe3 e5 9. fxe5 dxe5 10. 0-0-0 exd4 11. Nxd4 Nd7 12. Bc4 c6 13. Nf3 Qe7 14. Rhf1 b5 15. Bb3 Nc5 16. Nd4 Bd7 17. a3 a5 18. Rfe1 b4 19. Nb1 Qe5 20. c3 Bg4 21. Rd2 Qxh2 22. Qg5 Nxb3+ 23. Nxb3 Be6 24. Nd4 Bh6 25. Qf6 Qf4 26. Qe7 Ba2 27. g3 Qxg3 28. Rh1 Qd3 29. Kd1 Qxb1+ 30. Ke2 Qxh1 31. Rd1 Bc4+ 0-1

[Event "Bundesliga 9798"]
[Site "Germany"]
[Date "1997.11.09"]
[Round "4.7"]
[White "Helbig, Uwe"]
[Black "Ankerst, Mihael"]
[Result "1/2-1/2"]
[WhiteElo "2240"]
[BlackElo "2350"]
[PlyCount "104"]
[EventDate "1997.10.18"]
[EventType "team-tourn"]
[EventRounds "15"]
[EventCountry "GER"]
[SourceTitle "GER-chT"]
[Source "ChessBase"]
[SourceDate "1999.07.01"]
[SourceVersion "1"]
[SourceVersionDate "1999.07.01"]
[SourceQuality "1"]
[WhiteTeam "Chemnitz"]
[BlackTeam "Bochum"]
[WhiteTeamCountry "GER"]
[BlackTeamCountry "GER"]

1. d4 Nf6 2. Nf3 g6 3. Bg5 Bg7 4. Nbd2 d5 5. e3 0-0 6. Bd3 Nbd7 7. 0-0 Re8 8. c4 c5 9. cxd5 Nxd5 10. Qb3 N5b6 11. Rac1 cxd4 12. Nxd4 Nf6 13. Bb5 Bd7 14. Rfd1 Rc8 15. Nc4 Ne4 16. Nxb6 Rxc1 17. Rxc1 axb6 18. Nf3 Bxb5 19. Qxb5 Nxg5 20. Nxg5 Rf8 21. Nf3 Qd6 22. Qe2 Rd8 23. b3 h6 24. g3 g5 25. h3 Bf6 26. Rc2 Qe6 27. Kh2 h5 28. Rd2 Rc8 29. Nd4 Qe4 30. Qxh5 Rd8 31. Qd1 Rd5 32. Qc2 Qxc2 33. Rxc2 Bxd4 34. exd4 Rxd4 35. Rc7 Kf8 36. Rxb7 Rd2 37. Kg1 Rxa2 38. Rxb6 Rb2 39. Rb7 e6 40. Kg2 Kg7 41. Kf3 Kg6 42. Rb8 Kf5 43. Rb5+ Kg6 44. b4 Rb3+ 45. Kg2 Kf6 46. Rb8 e5 47. b5 e4 48. Kf1 e3 49. f3 Rb2 50. b6 Kf5 51. b7 Rf2+ 52. Ke1 Rb2 1/2-1/2

[Event "Chemnitz op"]
[Site "Chemnitz"]
[Date "1997.??.??"]
[Round "2"]
[White "Helbig, Uwe"]
[Black "Enders, Peter"]
[Result "0-1"]
[WhiteElo "2240"]
[BlackElo "2535"]
[PlyCount "84"]
[EventDate "1997.??.??"]
[EventType "swiss"]
[EventRounds "9"]
[EventCountry "GER"]
[SourceTitle "EXT 1999"]
[Source "ChessBase"]
[SourceDate "1998.11.16"]
[SourceVersion "1"]
[SourceVersionDate "1998.11.16"]
[SourceQuality "1"]

1. d4 Nf6 2. Bg5 e6 3. e3 b6 4. Nf3 Bb7 5. Bd3 d6 6. Nbd2 h6 7. Bh4 g5 8. Bg3 Nh5 9. Be4 d5 10. Bd3 Nxg3 11. hxg3 Nd7 12. Qe2 Bg7 13. c3 Qe7 14. e4 c5 15. dxc5 Nxc5 16. Bb5+ Kf8 17. exd5 Bxd5 18. Bc4 Rd8 19. Rd1 Bb7 20. Nb3 Rxd1+ 21. Qxd1 Bf6 22. Qe2 Nxb3 23. Bxb3 Kg7 24. 0-0 Rd8 25. Rd1 Rxd1+ 26. Qxd1 Qd8 27. Qe2 Qd6 28. Bc4 g4 29. Ne1 h5 30. Bd3 Qe5 31. Kf1 Bd5 32. a4 Qxe2+ 33. Kxe2 Be5 34. Ke3 f5 35. Bf1 Bd6 36. Nd3 Bb3 37. a5 bxa5 38. Nf4 e5 39. Nd3 Bc4 40. Be2 Kf6 41. Bd1 e4 42. Nf4 Bc5+ 0-1

[Event "BL2-Ost 9697"]
[Site "Germany"]
[Date "1997.??.??"]
[Round "?.8"]
[White "Helbig, Uwe"]
[Black "Rausch, Stephan"]
[Result "1/2-1/2"]
[WhiteElo "2230"]
[BlackElo "2345"]
[PlyCount "76"]
[EventDate "1996.10.??"]
[EventType "team-tourn"]
[EventRounds "9"]
[EventCountry "GER"]
[SourceTitle "GER-chT2"]
[Source "ChessBase"]
[SourceDate "1999.07.01"]
[SourceVersion "1"]
[SourceVersionDate "1999.07.01"]
[SourceQuality "1"]
[WhiteTeam "Chemnitz"]
[BlackTeam "Leipzig Gohlis"]
[WhiteTeamCountry "GER"]
[BlackTeamCountry "GER"]

1. d4 d5 2. Nf3 c6 3. c3 Bf5 4. Bg5 h6 5. Bh4 Nd7 6. e3 Ngf6 7. Bd3 Bxd3 8. Qxd3 Qb6 9. Qc2 Ne4 10. Nbd2 Ndf6 11. 0-0 e6 12. Bxf6 Nxd2 13. Nxd2 gxf6 14. e4 dxe4 15. Nxe4 Be7 16. f4 0-0-0 17. b4 Qb5 18. Nc5 Qc4 19. Qb3 Qxb3 20. Nxb3 Rhg8 21. Rae1 Bd6 22. Nd2 c5 23. bxc5 Bxc5 24. Nc4 Be7 25. Re2 Rd5 26. a4 Kd7 27. Rb2 b6 28. Ne3 Ra5 29. Ra1 Rc8 30. Rb3 Bd6 31. g3 h5 32. Kf2 e5 33. fxe5 fxe5 34. Kf3 Ke6 35. Ke4 f6 36. Kd3 Bf8 37. Rb5 Ra6 38. Ra2 Bh6 1/2-1/2